Normal view MARC view
  • Arce, Constantino,

Entry Nombre Personal

Number of records used in: 2

001 - NUMERO DE CONTROL

  • campo de control: 46248

003 - IDENTIFICADOR DE NUMERO DE CONTROL

  • campo de control: DLC

005 - FECHA Y HORA DE LA ÜLTIMA TRANSACCIÓN

  • campo de control: 20221202110256.0

008 - DATOS DE LONGITUD FIJA

  • campo de control de longitud fija: 220922n| acannaab| |n aaa |||

010 ## - NÚMERO DE CONTROL DE LA BIBLIOTECA DEL CONGRESO

  • Número de control LC: n 97044749

024 7# - OTROS IDENTIFICADORES NORMALIZADOS

  • Fuente: orcid
  • Número normalizado o código: 0000-0003-3713-0098

040 ## - FUENTE DE CATALOGACIÓN

  • Agencia original de catalogación: DLC
  • Agencia de transcripción: DLC
  • Lenguaje de catalogación: spa
  • Agencia que lo modifica: MX-MxUPN

100 1# - ENCABEZAMIENTO - NOMBRE PERSONAL

  • Nombre personal: Arce, Constantino,
  • Fechas asociadas con el nombre: 1956 -

370 ## - LUGAR ASOCIADO

  • Associated country: Galicia, España

371 ## - DIRECCIÓN

  • Electronic mail address: constantino.arce@usc.es

372 ## - CAMPO DE ACTIVIDAD

  • Field of activity: Psicología. Escalas psicológicas.
  • Field of activity: Pruebas psicológicas. Medición. Psicología deportiva

373 ## - GRUPO ASOCIADO

  • Associated group: Universidad de Santiago de Compostela. Facultad de Psicología.

374 ## - OCUPACIÓN

  • Occupation: Psicólogo
  • Occupation: Profesor - investigador universitario

377 ## - LENGUA ASOCIADA

  • Language code: spa

670 ## - FUENTE EN LA QUE SE LOCALIZARON DATOS

  • Cita de la fuente: Sabucedo, X.M. Xuventude e política en Galicia,, c1992:
  • Información localizada: portada (Constantino Arce)

670 ## - FUENTE EN LA QUE SE LOCALIZARON DATOS

  • Cita de la fuente: En su curriculum vitae en línea
  • Información localizada: (Arce Fernández, Constantino)
  • Uniform Resource Identifier: https://studylib.es/doc/7635233/curriculum-vitae-constantino-arce-fern%C3%A1ndez

902 ## - CATALOGADOR

  • Catalogador: NDAF/220922
  • Catalogador: BLSM/021222